Ghostgirl : (Registro nro. 7311)

Detalles MARC
000 -LEADER
fixed length control field 01085nam a22002537a 4500
003 - CONTROL NUMBER IDENTIFIER
control field OSt
005 - DATE AND TIME OF LATEST TRANSACTION
control field 20210224115132.0
008 - FIXED-LENGTH DATA ELEMENTS--GENERAL INFORMATION
fixed length control field 210224s2010 mx a|||gr|||| 00| 0 spa d
020 ## - INTERNATIONAL STANDARD BOOK NUMBER
International Standard Book Number 9786071108135
040 ## - CATALOGING SOURCE
Original cataloging agency CO-JMCR
Transcribing agency CO-JMCR
041 0# - LANGUAGE CODE
Language code of text/sound track or separate title spa
082 04 - DEWEY DECIMAL CLASSIFICATION NUMBER
Classification number N /
Item number HURg
Edition number 23
100 1# - MAIN ENTRY--PERSONAL NAME
Personal name Hurley, Tonya,
Relator term autora
9 (RLIN) 13858
245 10 - TITLE STATEMENT
Title Ghostgirl :
Statement of responsibility, etc. Loca por amor /
Remainder of title Tonya Hurley ; traducción de Alicia Frieyro
250 ## - EDITION STATEMENT
Edition statement Primera edición
260 ## - PUBLICATION, DISTRIBUTION, ETC.
Place of publication, distribution, etc. México :
Name of publisher, distributor, etc. Alfaguara,
Date of publication, distribution, etc. 2010
300 ## - PHYSICAL DESCRIPTION
Extent 337 páginas :
Other physical details ilustraciones en blanco y negro ;
Dimensions 24 cm.
520 0# - SUMMARY, ETC.
Summary, etc. Antes de poder descansar en paz, Charlotte tiene que volver al trágico escenario de su muerte: el instituto. Todavía le queda una ultima misión que cumplir, tiene que ayudar a una joven que le a sido asignada a resolver algunos problemas personales antes del esperado baile de graduación.
650 24 - SUBJECT ADDED ENTRY--TOPICAL TERM
Topical term or geographic name entry element Estudiantes de secundaria
9 (RLIN) 13859
650 24 - SUBJECT ADDED ENTRY--TOPICAL TERM
Topical term or geographic name entry element Ficción para adultos jóvenes
9 (RLIN) 13860
650 24 - SUBJECT ADDED ENTRY--TOPICAL TERM
Topical term or geographic name entry element Fantasmas
9 (RLIN) 13861
700 1# - ADDED ENTRY--PERSONAL NAME
Personal name Frieyro, Alicia,
Relator term traductora
9 (RLIN) 13862
942 ## - ADDED ENTRY ELEMENTS (KOHA)
Source of classification or shelving scheme Dewey Decimal Classification
Koha item type Books

No hay ítems disponibles.